| 000 | 00514cam a2200193ua 4500 | ||
|---|---|---|---|
| 001 | 1194 | ||
| 008 | 110613n ii |||gr||||Z||||||eng | ||
| 020 | _a81-7328-029-0 | ||
| 040 | _cMAIN | ||
| 082 | _a330.954 | ||
| 245 | 1 | 0 |
_aIndian economy : _bproblems of development and planning / _cby A.N. Agrawal |
| 250 | _a20th ed. | ||
| 260 |
_aNew Delhi: _bWishwa prakashan,994. |
||
| 300 |
_axv, 685p.: _c35cm. |
||
| 653 | _aEconomics | ||
| 653 | _aIndian economy | ||
| 700 | 1 |
_aAgrawal, A.N., _eAuthor. |
|
| 942 | _cBK | ||
| 999 |
_c1102 _d1102 |
||